000 00621nam a2200253Ia 4500
003 OSt
005 20221007111423.0
006 a|||||r|||| 00| 0
007 ta
008 221006b |||||||| |||| 00| 0 eng d
024 _a23,469
037 _cTextual
040 _aLCO
_cLCO
_beng
041 _2eng
_aeng
082 _aV2:2:(Z), L7
100 _aBasu D.D
245 0 _aConstitutional Law of India
250 _a3rd
260 _aNew
_bDelhi Prentice Hall India
_c1983
300 _a488
650 _aCONSTITUTION
942 _hV2:2:(Z), L7
_cTEXL
999 _c1193032
_d1193032